000 00628nam a2200193Ii 4500
003 JO-AjNU
008 230605s9999||||xx |||||||||||||| ||und||
040 _aJO-AjNU
_bara
_erda
_cJO-AjNU
041 _aara
050 1 4 _aPJ6101.N2
100 3 _aتأليف النحوي، موفق الدين بن يعيش,
_eauthor
_927001
245 0 0 _aشرح المفصل
264 3 1 _aبيروت: عالم الكتب، د،ت
300 _aج6،(6-10)، 156ص
336 _atext
_btxt
_2rdacontent
337 _aunmediated
_bn
_2rdamedia
338 _avolume
_bnc
_2rdacarrier
650 4 _aاللغة العربية -- النحو
_927002
999 _aA10302
_c13870
_d13870